Historia de los heterodoxos españoles.

Bewaard in:
Bibliografische gegevens
Hoofdauteur: Menéndez y Pelayo, Marcelino (autor)
Formaat: Boek
Taal:Spaans
Gepubliceerd in: Madrid, España Victoriano Suárez 1911
Onderwerpen:
Tags: Voeg label toe
Geen labels, Wees de eerste die dit record labelt!

MARC

LEADER 00000nam a2200000 a 4500
001 UCI6688
003 CL-VaPUC
005 20220323122054.0
008 080523e19110000SP |||||||||||||||||spa|d
999 |c 330138  |d 330136 
040 |c Pontificia Universidad Católica de Valparaíso 
082 0 4 |a 291 MEN 1911  |2 21 
100 |a Menéndez y Pelayo, Marcelino  |e autor  |9 478094 
245 1 0 |a Historia de los heterodoxos españoles. 
260 |a Madrid, España  |b Victoriano Suárez  |c 1911 
300 |a 6 volúmenes. 
500 |a Donación Padres Capuchinos 
583 |a last modification  |c 20080523 00:00:00  |k Rodrigo Vera 
650 0 |a Historia de las religiones   |9 323406 
650 0 |a Cristianismo  |9 257361 
650 0 |a Protestantes  |9 389935 
650 0 |a Historia de España  |9 315435 
942 |c BK  |2 ddc 
945 |d 20080523 00:00:00  |a rbrito 
952 |0 0  |1 0  |2 ddc  |4 0  |6 291_000000000000000_MEN_1911  |7 0  |8 X  |9 415501  |a FDOBUD  |b FDOBUD  |d 2019-11-22  |h v.1  |i 4443063  |o 291 MEN 1911  |p 4443063  |r 2019-11-22  |t 1  |w 2019-11-22  |y BK_X  |k BUD 
952 |0 0  |1 0  |2 ddc  |4 0  |6 291_000000000000000_MEN_1911  |7 0  |8 X  |9 415502  |a FDOBUD  |b FDOBUD  |d 2019-11-22  |h v.2  |i 4443098  |o 291 MEN 1911  |p 4443098  |r 2019-11-22  |t 1  |w 2019-11-22  |y BK_X  |k BUD 
952 |0 0  |1 0  |2 ddc  |4 0  |6 291_000000000000000_MEN_1911  |7 0  |8 X  |9 415503  |a FDOBUD  |b FDOBUD  |d 2019-11-22  |h v.3  |i 4443101  |o 291 MEN 1911  |p 4443101  |r 2019-11-22  |t 1  |w 2019-11-22  |y BK_X  |k BUD 
952 |0 0  |1 0  |2 ddc  |4 0  |6 291_000000000000000_MEN_1911  |7 0  |8 X  |9 415504  |a FDOBUD  |b FDOBUD  |d 2019-11-22  |h v.5  |i 4443241  |o 291 MEN 1911  |p 4443241  |r 2019-11-22  |t 1  |w 2019-11-22  |y BK_X  |k BUD 
952 |0 0  |1 0  |2 ddc  |4 0  |6 291_000000000000000_MEN_1911  |7 0  |8 X  |9 415505  |a FDOBUD  |b FDOBUD  |d 2019-11-22  |h v.6  |i 4443152  |o 291 MEN 1911  |p 4443152  |r 2019-11-22  |t 1  |w 2019-11-22  |y BK_X  |k BUD 
952 |0 0  |1 0  |2 ddc  |4 0  |6 291_000000000000000_MEN_1911  |7 0  |8 X  |9 415506  |a FDOBUD  |b FDOBUD  |d 2019-11-22  |h v.7  |i 4443160  |o 291 MEN 1911  |p 4443160  |r 2019-11-22  |t 1  |w 2019-11-22  |y BK_X  |k BUD